Riadenie rizík - neoddeliteľná súčasť všetkých podnikových procesov

Manažment rizika by mal umožniť podnikom preveriť všetky riziká, ktorým sa vystavujú, zmerať ich potenciálny dopad počas životnosti podniku a nájsť možnosti ich riadenia alebo zníženia. Až zavedenie celopodnikového manažmentu rizika prispieva k obmedzeniu veľkosti strát a rovnako k realizácii potenc...

Full description

Saved in:
Bibliographic Details
Main Author: Rybárová, Daniela, 1967-
Format: Book Chapter
Language:Slovak
Subjects:
Tags: Add Tag
No Tags, Be the first to tag this record!

MARC

LEADER 00000naa$a2200000$$$4500
001 0173733
005 20240502072948.5
041 0 |a slo 
044 |a SK 
245 1 0 |a Riadenie rizík - neoddeliteľná súčasť všetkých podnikových procesov  |c Daniela Rybárová 
520 |a Manažment rizika by mal umožniť podnikom preveriť všetky riziká, ktorým sa vystavujú, zmerať ich potenciálny dopad počas životnosti podniku a nájsť možnosti ich riadenia alebo zníženia. Až zavedenie celopodnikového manažmentu rizika prispieva k obmedzeniu veľkosti strát a rovnako k realizácii potenciálnych príležitostí za účelom rastu hodnoty celého podniku. 
610 2 0 |a podnik 
610 2 0 |a procesy podnikové 
610 2 0 |a riadenie rizík 
100 1 |a Rybárová, Daniela, 1967-